000 00439nam a2200181Ia 4500
003 OSt
005 20230525113428.0
008 210210b1923 xxu||||| |||| 00| 0 eng d
040 _cAL
041 _aeng
082 _a823/342
100 _aSHAKESPEARE (William)
_9113693
245 _aLoves labour lost
260 _aCambridge
_bAt the University Press
_c1923
690 _aEnglish Drama
_9113694
906 _a013886
942 _2ddc
_cBK
999 _c132955
_d132955